000 01265cam a22003017a 4500
001 16945587
005 20170105102855.0
008 110902s2012 mdu b 001 0 eng
010 _a 2011035355
020 _a9780847699025 (cloth : alk. paper)
020 _a9781442214675 (electronic)
040 _aDLC
_cDLC
042 _apcc
050 0 0 _aLC197
_b.K65 2012
082 0 0 _a370.72082
_223
100 1 _aKohli, Wendy.
245 1 0 _aFeminisms and educational research /
_cWendy Kohli and Nicholas C. Burbules.
260 _aLanham, Md. :
_bRowman & Littlefield Publishers,
_cc2012.
300 _aix, 103 p. ;
_c24 cm.
504 _aIncludes bibliographical references and index.
505 0 _aIntroduction -- What is feminism? -- Philosophical concerns and commitments -- Feminist inquiry -- Feminist educational research.
650 0 _aFeminism and education
_xResearch.
650 0 _aFeminist theory.
700 1 _aBurbules, Nicholas C.
906 _a7
_bvip
_corignew
_d1
_eecip
_f20
_gy-gencatlg
942 _2ddc
_cBK
999 _c14434
_d14434